[Event "Moscow-chW 2019"]
[Site "Moscow"]
[Date "2019.03.31"]
[Round "2.7"]
[White "Strukova, Ksenia"]
[Black "Utiatskaja, Irina"]
[Result "0-1"]
[WhiteElo "1919"]
[BlackElo "2210"]
[Annotator "TA"]
[PlyCount "62"]
[EventDate "2019.03.30"]
[EventType "swiss"]
[EventCountry "RUS"]
[SourceTitle "playchess.com"]
[Source "ChessBase"]
[SourceQuality "1"]

{[%evp 16,62,-15,-36,-28,-34,-31,-39,-43,-55,-52,-50,-62,-73,-79,-95,-43,-50,-52,-54,-56,-66,-43,-38,-35,-40,-39,-44,-28,-17,-17,-30,-24,-91,-57,-106,-115,-150,-53,-38,-24,-568,-568,-568,-568,-899,-901,-29979,-29980]} 1. e4 e6 2. d4 d5 3. exd5 exd5 4. Bd3 c5 5. dxc5 Bxc5 6. Nf3 Nf6 7. O-O O-O 8. c3 Nc6 9. Nbd2 Bg4 {B22: Sicilian: 2 c3} 10. Nb3 Bb6 11. h3 Bh5 {Black is slightly better.} 12. Bf4 Re8 13. Be2 Ne4 14. Nbd4 $146 ({Predecessor:} 14. Nfd4 Bxe2 15. Nxe2 Qh4 16. Nbd4 Nxd4 17. cxd4 Qe7 18. Qb3 {½-½ (52) Dauth,B (2377)-Graf,A (2562) Deizisau 2016}) 14... Qf6 15. Be3 {[#]} Rad8 (15... Ng3 $1 $17 {[%mdl 512] Hoping for ...Nxd4.} 16. Re1 (16. fxg3 Rxe3) 16... Nxe2+ 17. Qxe2 Nxd4 18. cxd4 Re4) 16. Nxc6 bxc6 17. Bxb6 axb6 18. Nd4 Bxe2 (18... Bg6 {feels hotter.} 19. Bd3 c5 20. Ne2 h6 21. a4 Qe5) 19. Nxe2 c5 {[%cal Bc6c5,Bc5d4,Bd4d3,Bd3e2][%mdl 32]} 20. a4 h6 21. Qd3 d4 22. cxd4 cxd4 {Black wants to play ...Nc5.} 23. b4 Nc3 $36 {[%mdl 2048] Black has the initiative.} 24. Ng3 (24. Nxc3 $1 $11 dxc3 25. Qb5) 24... Nd5 25. Qd2 {[#]} d3 $1 {[%mdl 512]} 26. a5 {[#]} (26. Qxd3 Ne3) 26... bxa5 ({Black should try} 26... Nf4 $1 $17 {Threatens to win with ...Re2!} 27. axb6 Ne2+ 28. Kh1 Qxb6) 27. bxa5 $15 Nc3 {aiming for ...Re2!} 28. Rfe1 $2 {[%mdl 8192] [#]} (28. a6 $11 {and White has nothing to worry.}) 28... Ne2+ $1 $19 {[%mdl 512]} 29. Nxe2 Rxe2 (29... dxe2 30. Qc2 $17) 30. Rxe2 dxe2 ({Worse is} 30... Qxa1+ 31. Kh2 $11) 31. Qe1 {[#]} Qxa1 $1 {[%mdl 576] Remove Defender, Promotion. Accuracy: White = 47%, Black = 66%.} 0-1

[Event "Moscow-chW 2019"]
[Site "Moscow"]
[Date "2019.03.31"]
[Round "2.8"]
[White "Dumcheva, Julia"]
[Black "Zaitseva, Lyudmila"]
[Result "0-1"]
[WhiteElo "2168"]
[BlackElo "1926"]
[Annotator "TA"]
[PlyCount "98"]
[EventDate "2019.03.30"]
[EventType "swiss"]
[EventCountry "RUS"]
[SourceTitle "playchess.com"]
[Source "ChessBase"]
[SourceQuality "1"]

{[%evp 15,98,-12,-5,-13,-18,-20,-16,-35,14,0,0,0,0,0,0,0,0,-3,-4,0,0,0,0,0,0,-87,-96,-83,0,-410,-401,-657,-481,-549,-281,-368,-227,-411,0,-313,345,-283,-280,-628,-623,-707,-707,-750,-746,-738,-718,-702,-687,-687,-687,-684,-684,-684,-673,-680,-677,-678,-680,-667,-665,-650,-631,-614,-589,-814,-814,-762,-809,-786,-779,-791,-798,-797,-790,-747,-739,-768,-790,-795,-780]} 1. e4 e6 2. d4 d5 3. Nc3 Bb4 4. e5 c5 5. a3 Bxc3+ 6. bxc3 Ne7 7. h4 Qc7 8. Nf3 b6 {LiveBook: 167 Games} 9. Bd3 {C19: French: 3 Nc3 Bb4: Main line: 7 Nf3 and 7 a4} (9. Bb5+ Bd7 10. Bd3 Ba4 11. h5 cxd4 12. cxd4 Qc3+ 13. Bd2 Qxd3 14. cxd3 Bxd1 15. Kxd1 h6 16. Ke2 Nbc6 {0-1 (89) Caruana,F (2817)-So,W (2822) chess.com INT 2017}) 9... Ba6 10. O-O $146 ({Predecessor:} 10. Bd2 Bxd3 11. cxd3 Nbc6 12. h5 h6 13. Rc1 c4 14. dxc4 dxc4 15. Qa4 {0-1 (62) Acher,M (2320)-Housieaux,D (2328) France 2004}) 10... Bxd3 11. Qxd3 {The position is equal.} c4 12. Qe3 Nf5 13. Qf4 h5 14. Ng5 Nc6 15. a4 O-O-O 16. Ba3 Qd7 17. Rfe1 Rde8 18. Nf3 f6 19. Reb1 Reg8 20. a5 (20. Qc1 $11 {remains equal.}) 20... Nxa5 $17 21. Bc5 Nc6 (21... Qc7 $17 22. Ba3 Nc6) 22. exf6 $2 {[%mdl 8192]} (22. Bxb6 $1 $11 {and White has nothing to worry.} axb6 23. Ra6) 22... gxf6 $19 ({Wrong is} 22... bxc5 $2 23. Ra6 $18) 23. Ra6 (23. Qc1 $142 Qg7 24. Qf1) 23... Qb7 ({But not} 23... bxc5 $2 24. Rxc6+ $1 {[%mdl 512]} Qxc6 25. Qb8+ Kd7 26. Rb7+ Qxb7 27. Qxb7+ Ke8 28. dxc5 $18) 24. Rba1 Qg7 {[%csl Gg8][%cal Rg7g2]} 25. g3 Qg4 $40 {[%mdl 128] Black is out for blood.} 26. Bd6 $2 (26. Qxg4 hxg4 27. Nh2) 26... Kd7 $2 (26... Kb7 $19 27. Ne1 Qh3) 27. Be5 $2 {[%mdl 8192]} (27. Rxa7+ $1 $11 {and White stays safe.} Nxa7 28. Rxa7+ Ke8 29. Rb7) 27... Rg6 $4 {[%mdl 8192] [#]} (27... fxe5 $19 28. Rxa7+ (28. Nxe5+ $2 Nxe5 29. Qxe5 Kc6 $19) 28... Ke8 29. Ra8+ Kf7 30. R1a7+ Kg6 31. Qxe5 Qe4 32. Qxe4 dxe4 33. Rxg8+ Rxg8) 28. Kf1 $4 {[%mdl 8192]} (28. Rxa7+ $1 $18 {was the only winning move.} Nxa7 29. Rxa7+ Kc8 30. Ra8+ Kb7 31. Rxh8 fxe5 32. Rh7+ Rg7 33. Qxg4 hxg4 34. Rxg7+ Nxg7 35. Nxe5) 28... Rc8 {Strongly threatening ...Qh3+.} 29. Bxf6 $2 (29. Rxa7+ Nxa7 30. Rxa7+ Kc6 31. Kg1 Qxf4 32. Bxf4) 29... Qxf4 {Black is clearly winning.} 30. gxf4 Rxf6 31. Ne5+ Kc7 32. Nxc6 Kxc6 33. Rxa7 Nxh4 34. Rh7 Nf5 35. Rxh5 Rh6 36. Rxh6 Nxh6 {[%mdl 4096] Endgame KRN-KR} 37. Ke2 Nf5 38. Kf3 Nd6 39. Rh1 Ne4 40. Rh6 Kd7 41. Rh7+ Kd6 42. Rh6 Rf8 43. Ke3 Nxc3 44. Rh7 Rf6 45. Rb7 Kc6 46. Rb8 Ne4 47. Rc8+ Kd7 48. Rb8 Kc7 49. Re8 Nd6 {Accuracy: White = 38%, Black = 72%.} 0-1

[Event "Moscow-chW 2019"]
[Site "Moscow"]
[Date "2019.03.31"]
[Round "2.9"]
[White "Zakharova, Evgenia"]
[Black "Korchagina, Alena"]
[Result "1/2-1/2"]
[WhiteElo "1892"]
[BlackElo "2167"]
[Annotator "TA"]
[PlyCount "69"]
[EventDate "2019.03.30"]
[EventType "swiss"]
[EventCountry "RUS"]
[SourceTitle "playchess.com"]
[Source "ChessBase"]
[SourceQuality "1"]

{[%evp 16,69,86,77,97,53,88,66,66,0,0,0,0,-8,0,-2,0,-185,-170,-172,-164,-147,-33,-77,-62,-141,-79,-345,-338,-337,-243,-241,-192,-227,-175,-188,-153,-187,-197,-254,-140,-128,-130,-91,-108,-109,0,0,0,0,0,-8,49,-83,-51,-77]} 1. c4 g6 2. Nc3 Bg7 3. d4 d6 4. e4 c5 5. d5 Nf6 6. Be2 b5 {E73: King's Indian: Averbakh Variation without 6...c5} (6... O-O 7. Nf3 Na6 8. O-O Nc7 9. h3 e5 10. Ne1 Bd7 11. a3 a5 12. Rb1 a4 13. b4 axb3 14. Qxb3 Bc8 15. Nd3 Nd7 16. Be3 f5 17. f3 f4 {½-½ (38) Cruz,C (2562)-Martinez Duany,L (2507) Havana 2018}) 7. cxb5 a6 8. a4 O-O 9. Be3 {LiveBook: 4 Games} axb5 10. Bxb5 Qa5 11. f3 Ba6 12. Kf2 $146 (12. Bd2 $14) ({Predecessor:} 12. Ra3 Nbd7 13. Nge2 Bxb5 14. axb5 Qb4 15. Qa1 {0-1 (61) Le Bideau,A (2230)-Zigura,O (2335) Issy les Moulineaux 1996}) 12... Bxb5 $11 13. Nxb5 Nfd7 {[%cal Bf6d7,Bd7e5,Be5d3][%mdl 32]} 14. Bd2 Qb6 15. Bc3 c4+ 16. Nd4 $2 (16. Kg3 $11 {and White has nothing to worry.}) 16... Ne5 $36 {[%mdl 3072] Black has strong compensation. Black is in control.} 17. Nge2 Nd3+ 18. Kg3 Nd7 ({Better is} 18... e5 $17 19. dxe6 d5) 19. Rf1 N7c5 20. Nc6 (20. a5 $15 Qb7 21. Qc2) 20... Bxc3 (20... f5 $142 {Strongly threatening ...Nxe4+.} 21. Bxg7 (21. Nxe7+ Kf7 $17) 21... Kxg7) 21. Nxe7+ $2 {[%mdl 8192]} (21. bxc3 $17 {was worth a try.} Nxe4+ 22. fxe4 Qe3+ 23. Kh4) 21... Kg7 22. bxc3 Qd8 23. Nc6 Qg5+ 24. Kh3 f5 {[%cal Bf7f5,Bf5e4][%mdl 32] [#] ( -> ...Qh5+)} 25. g3 fxe4 26. f4 Qxd5 27. Ned4 (27. Nb4 $142 Qf5+ 28. Kg2) 27... Ra6 (27... e3 $19 28. Qf3 Qxf3 29. Rxf3 Rfe8) 28. Nb4 $17 Nxb4 29. cxb4 Nd3 30. Nc2 {[#]} Qe6+ (30... e3 $1 $17 {[%mdl 512] White must now prevent ...Rf5.} 31. Qe2 (31. Nxe3 Qe6+) 31... Nf2+ 32. Rxf2 exf2 33. Qxf2 Kg8) 31. Kg2 $11 d5 {And now ...e3 would win.} 32. Qe2 $1 Qf6 33. b5 Raa8 (33... Ra5 $11) 34. Ne3 (34. a5 $14) 34... c3 {Hoping for ...Qd4.} 35. Nc2 {Precision: White = 36%, Black = 44%.} 1/2-1/2

[Event "Moscow-chW 2019"]
[Site "Moscow"]
[Date "2019.03.31"]
[Round "2.10"]
[White "Nur-Mukhametova, Alisa"]
[Black "Davydova, Kira"]
[Result "0-1"]
[WhiteElo "2164"]
[BlackElo "1901"]
[Annotator "TA"]
[PlyCount "106"]
[EventDate "2019.03.30"]
[EventType "swiss"]
[EventCountry "RUS"]
[SourceTitle "playchess.com"]
[Source "ChessBase"]
[SourceQuality "1"]

{[%evp 23,106,-8,2,-21,0,-25,-2,0,0,-8,0,0,0,-28,-14,-43,-24,-28,-29,-43,-10,-37,-27,-63,-58,-78,-38,-20,-36,-47,-19,-52,-45,-162,-144,-197,-196,-168,-88,-86,-87,-101,-87,-98,-81,-80,-65,-131,-128,-335,-302,-330,-300,-363,-374,-538,-529,-627,-630,-555,-610,-637,-627,-630,-633,-693,-677,-804,-797,-815,-795,-869,-862,-823,-754,-2768,-2708,-5579,-1807,-1721,-1619,-29981,-29982,-29984,-29978]} 1. Nf3 d5 2. g3 Nf6 3. Bg2 c6 4. O-O Bg4 5. d3 Nbd7 6. h3 Bh5 7. Nbd2 e5 8. e4 dxe4 9. dxe4 Be7 10. b3 Qc7 11. Bb2 O-O 12. Qe2 Rfe8 13. Rfe1 {A07: Réti Opening: New York and Capablanca Systems} Bf8 14. Rad1 Rad8 15. Nf1 $146 {The position is equal.} ({Predecessor:} 15. a3 b5 16. Nf1 Bxf3 17. Qxf3 {½-½ (24) Szekely,P (2465)-Kaufman,R (2230) Hampstead 1998}) 15... Bb4 16. c3 Bf8 17. b4 b5 18. Bc1 Nb6 19. Bg5 Be7 20. g4 Bg6 21. Ng3 Nc4 22. Nf5 h6 23. Bh4 Bxf5 24. Rxd8 Bxd8 25. exf5 Nd5 26. Bg3 Nxc3 27. Qd3 Nd5 $36 {[%mdl 2048] White is under pressure.} 28. Nd4 (28. a3 $15) 28... Nxb4 $19 {[%mdl 64] [#] Double Attack} 29. Qb1 (29. Qe4 $17) 29... Qd7 30. Nf3 {[%cal Rf3e5]} Ba5 ({Black should play} 30... Qd6 $19 31. Bf1 Bb6) 31. Nxe5 $17 Nxe5 32. Rxe5 Rxe5 33. Bxe5 {Hoping for Bc3.} Qd2 34. Qe4 Nxa2 35. Kh2 (35. Bf4 $15 Qd1+ 36. Kh2) 35... Nb4 36. Bf4 $2 (36. Bd4 $17 {was forced.}) 36... Qd7 $19 ({Not} 36... Qxf2 37. Qe8+ Kh7 38. Bg3 $11) 37. f6 Qe6 ({Much less strong is} 37... gxf6 38. Kg1 $19) 38. Qd4 Qxf6 39. Be5 {[#]} (39. Qxf6 {is a better defense.} gxf6 40. Bxh6) 39... Bc7 $1 {[%mdl 576] Pin} 40. f4 (40. Bxc7 Qxd4) 40... Bxe5 41. fxe5 Qe7 42. Be4 c5 43. Qc3 a5 44. Qg3 Qc7 45. g5 hxg5 46. Qxg5 Nc6 47. Bxc6 Qxc6 {[%mdl 4096] Endgame KQ-KQ} 48. Qd8+ Kh7 49. Qxa5 c4 50. Qe1 Qd5 (50... c3 $142 51. Qh4+ Qh6 52. Qe4+ g6) 51. Qh4+ Kg8 {Threatens to win with ...c3.} 52. Qf4 c3 53. Kg3 Qd2 {Accuracy: White = 22%, Black = 56%.} 0-1

[Event "Moscow-chW 2019"]
[Site "Moscow"]
[Date "2019.03.31"]
[Round "2.11"]
[White "Dunayskaya, Dominika"]
[Black "Zotova, Anastasia"]
[Result "0-1"]
[WhiteElo "1222"]
[BlackElo "2148"]
[Annotator "TA"]
[PlyCount "74"]
[EventDate "2019.03.30"]
[EventType "swiss"]
[EventCountry "RUS"]
[SourceTitle "playchess.com"]
[Source "ChessBase"]
[SourceQuality "1"]

{[%evp 15,74,-12,0,-8,8,-36,2,-21,-25,-54,-39,-66,-68,-74,-66,-81,-56,-90,-75,-137,-150,-155,-156,-177,-69,-86,-76,-129,-91,-125,-143,-140,-124,-160,-153,-171,-166,-237,-205,-205,-193,-258,-195,-201,-196,-170,0,-245,-204,-1511,-670,-652,-652,-623,-616,-852,-877,-868,-866,-777,-767]} 1. e4 c5 2. d4 cxd4 3. Nf3 d6 4. Nxd4 Nf6 5. Nc3 a6 6. Bc4 e6 7. O-O Be7 8. Bg5 O-O 9. Re1 {B95: Sicilian Najdorf: 6 Bg5 e6, unusual White 7th moves} (9. Qf3 Qc7 10. Bb3 Nbd7 11. Qg3 Nc5 12. Bh6 Ne8 13. f4 Bf6 14. Nde2 b5 15. f5 b4 16. fxe6 fxe6 {½-½ (56) Medvedyk,V (2110)-Mosesov,D (2250) Lvov 2018}) 9... b5 10. Bd3 Qc7 11. a3 {The position is equal.} Nbd7 12. Nf3 Bb7 13. Re2 $146 ({Predecessor:} 13. Qe2 Qc6 14. Qe3 {0-1 (56) Jeschke,T (1338)-Gogol,M (1496) Neumuenster 2008}) 13... Rac8 14. Rb1 Rfd8 15. Qe1 Qb8 (15... h6 {with more complications.} 16. Bd2 Nb6 17. Rd1 Nfd7 18. Be3 Bf6) 16. b4 Qc7 17. Bxf6 (17. Bd2 $142) 17... Bxf6 $17 18. Na2 Nb6 19. Nd2 Nc4 ({Black should play} 19... Na4 $19 20. Nb3 Ba8) 20. Bxc4 $1 $15 bxc4 21. c3 (21. Nf3 $142) 21... e5 22. Nf3 d5 23. exd5 Rxd5 24. Nd2 Rcd8 25. Ne4 Be7 26. Rd2 (26. Ng3 {was necessary.}) 26... f5 27. Rxd5 Rxd5 28. Ng3 (28. Nc5 $142) 28... Qd7 {[#] White must now prevent ...Rd2.} 29. Nf1 Bg5 30. Qe2 Qd6 $2 (30... Qc6 $19 31. f3 Bf4) 31. f3 $2 (31. Qxc4 $11 Kf7 32. Re1) 31... h6 32. Rd1 $2 (32. Qxc4 Kh7 33. Qe2) 32... Qb6+ (32... Rxd1 $142 33. Qxc4+ Qd5 34. Qxd5+ Bxd5 {[%mdl 64] Trapped Piece}) 33. Kh1 $19 Rxd1 {[%mdl 64] [#] Overworked Piece} 34. Qxd1 Qf2 35. Nc1 e4 {[%cal Re4f3]} 36. Qe2 Qxe2 37. Nxe2 exf3 {Accuracy: White = 16%, Black = 42%.} 0-1

[Event "Moscow-chW 2019"]
[Site "Moscow"]
[Date "2019.03.31"]
[Round "2.12"]
[White "Dorofeeva, Nyurguiaana"]
[Black "Putinceva, Marina"]
[Result "1-0"]
[WhiteElo "1879"]
[BlackElo "1519"]
[Annotator "NA RC"]
[PlyCount "167"]
[EventDate "2019.03.30"]
[EventType "swiss"]
[EventCountry "RUS"]
[SourceTitle "playchess.com"]
[Source "ChessBase"]
[SourceQuality "1"]
[TimeControl "5400+30"]

1. Nf3 Nf6 2. d4 e6 3. Bf4 c5 4. e3 b6 5. c3 Be7 6. Nbd2 Nh5 7. Bg3 Nc6 8. Bd3 g6 9. Ne4 Nxg3 10. hxg3 d5 11. Ned2 cxd4 12. exd4 Bf6 13. Qe2 Qd6 14. Nf1 Bb7 15. Ne3 Bg7 16. g4 h6 17. g5 hxg5 18. Rxh8+ Bxh8 19. Nxg5 Bf6 20. Qg4 Qe7 21. Nh7 Bg7 22. O-O-O O-O-O 23. Rh1 Kb8 24. Ng5 Rh8 25. Rxh8+ Bxh8 26. Qf4+ Ka8 27. Nxf7 Bf6 28. Bxg6 a5 29. Qd6 Qe8 30. Ng4 Be7 31. Qh2 Ka7 32. Qh8 Qd7 33. Nfe5 Nxe5 34. Nxe5 Bg5+ 35. Kb1 Qa4 36. Qh5 Bf4 37. Bc2 Qb5 38. Nd3 Bd2 39. a4 Qd7 40. Qe2 Bh6 41. g4 Ba6 42. Qe5 Qf7 43. g5 Bg7 44. Qe3 Bc4 45. b3 Ba6 46. f4 Bc8 47. Ne5 Qh5 48. Nc6+ Ka8 49. Ne7 Bd7 50. Ng6 Qh1+ 51. Kb2 Qf1 52. Qd3 Qxd3 53. Bxd3 Be8 54. Ne5 Bh5 55. f5 exf5 56. Bxf5 Kb7 57. Be6 Kc7 58. Bxd5 Kd6 59. Bf3 Be8 60. Nc4+ Kc7 61. Ne3 Kd6 62. Nf5+ Kc7 63. Nxg7 Bd7 64. Be4 Kd6 65. Nf5+ Ke6 66. Ne3 Be8 67. c4 Bh5 68. Kc3 Be8 69. Ng4 Bh5 70. d5+ Kd7 71. Nf6+ Kd6 72. Nxh5 b5 73. cxb5 Ke5 74. g6 Kd6 75. g7 Kc5 76. g8=Q Kd6 77. Qe6+ Kc7 78. Qc6+ Kd8 79. Qb7 Ke8 80. Bg6+ Kd8 81. Qf7 Kc8 82. b6 Kb8 83. Qc7+ Ka8 84. Qa7# 1-0

[Event "Moscow-chW 2019"]
[Site "Moscow"]
[Date "2019.03.31"]
[Round "2.13"]
[White "Chagina, Ulyana"]
[Black "Smirnova, Ekaterina"]
[Result "1/2-1/2"]
[WhiteElo "1739"]
[BlackElo "2201"]
[Annotator "TA"]
[PlyCount "63"]
[EventDate "2019.03.30"]
[EventType "swiss"]
[EventCountry "RUS"]
[SourceTitle "playchess.com"]
[Source "ChessBase"]
[SourceQuality "1"]

{[%evp 13,63,30,29,17,15,13,15,-10,15,-5,0,-15,37,35,56,24,16,10,22,-1,0,0,49,45,38,45,29,33,158,143,149,-99,-71,-86,0,-141,0,0,0,0,0,-39,-40,-40,-34,-44,0,-13,0,-88,0,-25]} 1. d4 d5 2. c4 c6 3. Nf3 Nf6 4. e3 Bg4 5. h3 Bh5 6. Nc3 e6 7. g4 Bg6 8. Ne5 {D11: Slav Defence: 3 Nf3 sidelines and 3...Nf6 4 e3 Bg4} Nbd7 9. Nxg6 hxg6 10. Rb1 $146 ({Predecessor:} 10. g5 Ne4 11. Nxe4 dxe4 12. Qb3 Qb6 13. h4 Bb4+ 14. Ke2 c5 15. Bg2 f5 16. gxf6 gxf6 {1-0 (57) Nihal,S (2576)-Vitiugov,N (2719) St Petersburg 2018}) 10... a5 11. a3 Be7 12. g5 Nh5 (12... Ne4 $11) 13. h4 $14 Qc7 14. cxd5 exd5 15. Qc2 {aiming for Nxd5!} Qd6 16. b4 axb4 17. axb4 b5 18. Bxb5 $1 cxb5 19. Nxb5 Qb8 20. Nc7+ $1 Kf8 (20... Kd8 $1 $14 21. Nxa8 (21. Nxd5 Qb7 $17) 21... Qxa8) 21. Nxa8 $16 Qxa8 22. Rh3 $2 (22. b5 $16 {stays on course.}) 22... Kg8 $17 {[%mdl 1024] Black has strong compensation.} 23. Rf3 f5 ({Black should play} 23... Kh7 $17) 24. Bd2 {[#]} (24. Qc7 $11 Qa2 25. Rb2) 24... Kh7 (24... Nb6 $1 $17 25. b5 Kh7) 25. Qc7 $36 {[%mdl 2048] White is more active.} Rd8 26. b5 Qa2 27. Rc1 Qb2 28. Qc6 Qb3 29. Ke2 Qb2 (29... Nb8 $5 {[%cal Rb8c6]} 30. Rc3 Qb1 $11) 30. Ke1 Qb3 (30... Nb8 $11 31. Qc7 Nd7) 31. Ke2 $1 $17 {[#]} Qb2 ({Better is} 31... Nb8 $1 $17 {[%cal Rb8c6]} 32. Rc3 Qb1) 32. Ke1 {Accuracy: White = 43%, Black = 26%.} 1/2-1/2

[Event "Moscow-chW 2019"]
[Site "Moscow"]
[Date "2019.03.31"]
[Round "2.14"]
[White "Danilova, Rada"]
[Black "Khachatryan, Nadezhda"]
[Result "1-0"]
[WhiteElo "1930"]
[BlackElo "1738"]
[Annotator "NA RC"]
[PlyCount "125"]
[EventDate "2019.03.30"]
[EventType "swiss"]
[EventCountry "RUS"]
[SourceTitle "playchess.com"]
[Source "ChessBase"]
[SourceQuality "1"]
[TimeControl "5400+30"]

1. d4 d5 2. c4 dxc4 3. Nf3 Nf6 4. e3 e6 5. Bxc4 c5 6. O-O a6 7. a4 Nc6 8. Nc3 Qc7 9. Qe2 Bd6 10. Rd1 O-O 11. h3 b6 12. dxc5 bxc5 13. e4 Ne5 14. Ba2 Bb7 15. Bg5 Nfd7 16. Rac1 Nxf3+ 17. Qxf3 Ne5 18. Qe2 Nc6 19. Be3 Nb4 20. Bc4 Rac8 21. Qg4 Kh8 22. Qh4 Rce8 23. f4 Qc6 24. Qf2 f5 25. Rxd6 Qxd6 26. Bxc5 Qc6 27. b3 fxe4 28. Bxb4 e3 29. Qg3 Rxf4 30. Ba3 Rf2 31. Bf1 Qb6 32. Ne2 Qxb3 33. Bc5 Qb2 34. Qxe3 Rf7 35. Bd4 Qa2 36. Qe5 Qa3 37. Ra1 Qf8 38. Bc5 Qg8 39. Nf4 Rf5 40. Qc7 Ba8 41. Be3 e5 42. Ne2 Qd5 43. Qc2 Ref8 44. Ng3 R5f6 45. Rd1 Qb7 46. Rb1 Qf7 47. Bc4 Qc7 48. Bd3 Rc6 49. Qe2 Re6 50. Rc1 Qd7 51. Bf5 Rxf5 52. Nxf5 Re8 53. Qg4 Rf8 54. Rd1 Qb7 55. Nh4 Qb3 56. Bc5 Re8 57. Rd7 Qb1+ 58. Kh2 Rg8 59. Bf8 g6 60. Be7 Rb8 61. Bf6+ Kg8 62. Qe6+ Kf8 63. Qf7# 1-0

[Event "Moscow-chW 2019"]
[Site "Moscow"]
[Date "2019.03.31"]
[Round "2.15"]
[White "Krupnova, Anna"]
[Black "Ilyina, Lada"]
[Result "0-1"]
[WhiteElo "1729"]
[BlackElo "1877"]
[Annotator "NA RC"]
[PlyCount "102"]
[EventDate "2019.03.30"]
[EventType "swiss"]
[EventCountry "RUS"]
[SourceTitle "playchess.com"]
[Source "ChessBase"]
[SourceQuality "1"]
[TimeControl "5400+30"]

1. d4 Nf6 2. c4 g6 3. Nc3 Bg7 4. e4 O-O 5. Bd3 d6 6. Nge2 Nc6 7. O-O e5 8. d5 Ne7 9. f3 Nd7 10. Be3 f5 11. exf5 gxf5 12. f4 e4 13. Bc2 Nf6 14. Bd4 c5 15. Bf2 Ng4 16. h3 Nxf2 17. Rxf2 Ng6 18. Qd2 Bd7 19. Raf1 Qb6 20. Nd1 Bd4 21. Ne3 Qxb2 22. Ng3 Qxa2 23. Rb1 b6 24. Ngf1 Ba4 25. Bxa4 Qxb1 26. Bd7 Kh8 27. Kh2 Ne7 28. Qe2 Qb3 29. g4 fxg4 30. hxg4 Ng6 31. Bf5 Nh4 32. Qa2 Qxa2 33. Rxa2 Bxe3 34. Nxe3 Nxf5 35. Nxf5 Rxf5 36. gxf5 Kg7 37. Kg3 Kf6 38. Rh2 Kxf5 39. Rh5+ Kg6 40. Kg4 e3 41. f5+ Kg7 42. Kf3 Re8 43. Ke2 a6 44. Rg5+ Kf6 45. Rh5 b5 46. Rxh7 bxc4 47. Ra7 Kxf5 48. Rxa6 c3 49. Ra3 Ke4 50. Rxc3 Kxd5 51. Rd3+ Kc6 0-1

[Event "Moscow-chW 2019"]
[Site "Moscow"]
[Date "2019.03.31"]
[Round "2.16"]
[White "Ivanova, Anastasia S."]
[Black "Shevtsova, Stefania"]
[Result "1-0"]
[WhiteElo "1860"]
[BlackElo "1684"]
[Annotator "NA RC"]
[PlyCount "119"]
[EventDate "2019.03.30"]
[EventType "swiss"]
[EventCountry "RUS"]
[SourceTitle "playchess.com"]
[Source "ChessBase"]
[SourceQuality "1"]
[TimeControl "5400+30"]

1. d4 d5 2. c4 c6 3. Nc3 Nf6 4. Nf3 a6 5. e3 b5 6. b3 Bg4 7. h3 Bh5 8. Be2 e6 9. O-O Be7 10. Bb2 Nbd7 11. Ne5 Bxe2 12. Nxe2 Nxe5 13. dxe5 Nd7 14. Nd4 Rc8 15. cxd5 cxd5 16. f4 O-O 17. Qg4 Qb6 18. Rf3 Rfe8 19. Rg3 Bf8 20. Qe2 Rc7 21. Rf3 Rec8 22. Rff1 Bc5 23. Qd2 Nb8 24. b4 Bf8 25. a3 Nd7 26. Rac1 Qa7 27. Nb3 Be7 28. Bd4 Qb8 29. Rxc7 Rxc7 30. Rc1 Qc8 31. Kf2 Rxc1 32. Qxc1 Qc4 33. Qxc4 dxc4 34. Na5 Bd8 35. Nc6 Bb6 36. Bxb6 Nxb6 37. Nb8 Nd5 38. Nxa6 c3 39. Nc5 c2 40. Nb3 Nb6 41. Ke2 Nc4 42. Kd3 Nxa3 43. e4 Kf8 44. g3 Ke7 45. Kd2 f6 46. exf6+ Kxf6 47. Nd4 e5 48. Nxc2 Nxc2 49. Kxc2 g5 50. fxe5+ Kxe5 51. Kd3 h5 52. Ke3 Ke6 53. Kd4 Kd6 54. e5+ Ke6 55. Ke4 g4 56. h4 Ke7 57. Kf5 Kf7 58. Kg5 Ke6 59. Kxh5 Kxe5 60. Kg5 1-0

[Event "Moscow-chW 2019"]
[Site "Moscow"]
[Date "2019.03.31"]
[Round "2.17"]
[White "Gaer, Margarita"]
[Black "Khachatryan, Marieta"]
[Result "1-0"]
[WhiteElo "1627"]
[BlackElo "1856"]
[Annotator "NA RC"]
[PlyCount "139"]
[EventDate "2019.03.30"]
[EventType "swiss"]
[EventCountry "RUS"]
[SourceTitle "playchess.com"]
[Source "ChessBase"]
[SourceQuality "1"]
[TimeControl "5400+30"]

1. d4 d5 2. Nf3 Nf6 3. Bf4 c5 4. e3 Nc6 5. c3 Qb6 6. Qb3 c4 7. Qxb6 axb6 8. Na3 Bf5 9. Nb5 Ra5 10. Nc7+ Kd7 11. Ng5 Bg6 12. a4 h6 13. Nf3 Bc2 14. Ne5+ Nxe5 15. dxe5 Ne4 16. Nxd5 Rxd5 17. Bxc4 Ra5 18. Bxf7 g5 19. b4 Rxa4 20. Rxa4 Bxa4 21. e6+ Kc8 22. Be5 Nf6 23. O-O Bg7 24. Ra1 Rd8 25. Bd4 b5 26. c4 Ne8 27. Bxe8 Bxd4 28. Bd7+ Kc7 29. exd4 Bb3 30. cxb5 Kb6 31. f3 Rf8 32. Re1 Rf5 33. Kf2 Rd5 34. Ke3 Rd6 35. Kd3 Ba2 36. Kc3 Bd5 37. h3 Ba2 38. g3 Bd5 39. Re3 Ba2 40. f4 Rd5 41. fxg5 Rxg5 42. Rf3 Kc7 43. g4 h5 44. Rf5 Rxf5 45. gxf5 Bb1 46. h4 Bxf5 47. d5 b6 48. Kd4 Kd6 49. Be8 Bg4 50. Ke4 Be2 51. Kd4 Bg4 52. Bc6 Be2 53. Ke3 Bg4 54. Kf4 Bd1 55. Kg5 Be2 56. Kf4 Bd1 57. Kg5 Be2 58. Kf4 Bd1 59. Ke4 Bg4 60. Kf4 Bd1 61. Kg5 Be2 62. Be8 Kxd5 63. Bxh5 Bxb5 64. Bg4 Bd3 65. Bf5 Be2 66. h5 Bxh5 67. Kxh5 Kc4 68. Kg6 Kxb4 69. Kf7 Kc3 70. Kxe7 1-0

[Event "Moscow-chW 2019"]
[Site "Moscow"]
[Date "2019.03.31"]
[Round "2.18"]
[White "Zvereva, Margarita"]
[Black "Todua, Anastasia"]
[Result "0-1"]
[WhiteElo "1853"]
[BlackElo "1610"]
[Annotator "NA RC"]
[PlyCount "64"]
[EventDate "2019.03.30"]
[EventType "swiss"]
[EventCountry "RUS"]
[SourceTitle "playchess.com"]
[Source "ChessBase"]
[SourceQuality "1"]
[TimeControl "5400+30"]

1. e4 c5 2. Nf3 d6 3. d4 cxd4 4. Nxd4 Nf6 5. Nc3 e6 6. Be2 Be7 7. O-O O-O 8. Kh1 Nbd7 9. f4 Nc5 10. Bf3 e5 11. Nb3 Nxb3 12. axb3 Re8 13. f5 d5 14. Nxd5 Nxd5 15. exd5 Bxf5 16. d6 Qxd6 17. Qxd6 Bxd6 18. Bxb7 Rab8 19. Bd5 Be6 20. Bxe6 Rxe6 21. Rxa7 f6 22. Be3 Rf8 23. Rd1 f5 24. Rd7 f4 25. Ba7 Ref6 26. c4 e4 27. Bd4 Re6 28. c5 Be5 29. Bxe5 Rxe5 30. b4 e3 31. Ra7 h6 32. Rad7 Rg5 0-1